Laboratorio de pruebas. Turbina Banki

Saved in:
Bibliographic Details
Main Author: Arias A, Edgar A
Format: Unknown
Published: [San José, Costa Rica] 1983
Tags: Add Tag
No Tags, Be the first to tag this record!

MARC

LEADER 00000 a2200000 4500
003 011131
005 20240809133057.0
008 140114s1983 c a m 000 ||s d
040 |c cru CEDI 
090 |a TFG 163 
100 |a Arias A, Edgar A  |9 17430 
245 |a Laboratorio de pruebas. Turbina Banki 
260 |a [San José, Costa Rica]  |c 1983 
300 |a 85 hojas ;ilustraciones  
500 |a Proyecto de graduación (licenciatura en ingeniería mecánica)--Universidad de Costa Rica. Facultad de Ingeniería. Escuela de Ingeniería Mecánica 
501 |a Director de Proyecto de Graduación: Elmer Arias Arias  
942 |c TFG  |h TFG 163  |i 011131  |6 TFG_163_011131000000000 
999 |c 12062  |d 12062